[Event "Dundee & Angus Open"]
[Site "?"]
[Date "2015.10.10"]
[Round "3"]
[White "Abdulla, Murad"]
[Black "Parks, Joe"]
[Result "1-0"]
[WhiteElo "2027"]
[BlackElo "1809"]
[PlyCount "71"]

1. e4 d5 2. exd5 Qxd5 3. Nf3 Bg4 4. Be2 Nf6 5. Nc3 Qd6 6. h3 Bh5 7. O-O e6 8.
d4 c6 9. Bg5 Nbd7 10. Qd2 Be7 11. Rfe1 O-O 12. a3 Nb6 13. Rad1 Nbd5 14. Bxf6
Nxf6 15. Ne5 Bxe2 16. Qxe2 Rad8 17. Ne4 Nxe4 18. Qxe4 Qd5 19. Qe2 Bf6 20. Ng4
Qf5 21. c3 Bg5 22. Rd3 Qb5 23. Qc2 Bf4 24. Ne5 Bxe5 25. Rxe5 Qb6 26. Qd2 Qc7
27. Qe3 Rd5 28. f4 Rfd8 29. c4 Rxe5 30. fxe5 g6 31. Qf4 Qb6 32. b4 Rd7 33. h4
c5 34. dxc5 Qd8 35. Rd6 h5 36. Qd4 1-0

[Event "Dundee & Angus Open"]
[Site "?"]
[Date "2015.10.10"]
[Round "3"]
[White "Findlay, David"]
[Black "Florios, Antonios"]
[Result "1-0"]
[WhiteElo "2185"]
[BlackElo "1930"]
[PlyCount "65"]

1. e4 c5 2. Nf3 d6 3. d4 cxd4 4. Nxd4 Nf6 5. Nc3 a6 6. f4 Nbd7 7. Bd3 Nc5 8.
O-O e6 9. Be3 Be7 10. Qf3 e5 11. fxe5 dxe5 12. Nf5 Bxf5 13. Qxf5 O-O 14. Rad1
Qc7 15. Bg5 Ncd7 16. Kh1 g6 17. Qh3 b5 18. a3 Rac8 19. Qh4 Qb6 20. Rf3 Qe6 21.
Rdf1 Rc6 22. Nd1 h5 23. Ne3 Bd8 24. Rg3 Bb6 25. Rgf3 Bxe3 26. Rxf6 Nxf6 27.
Rxf6 Bxg5 28. Rxe6 Bxh4 29. Rxc6 Ra8 30. a4 bxa4 31. Bc4 Ra7 32. g3 Bg5 33.
Rxg6+ 1-0

[Event "Dundee & Angus Open"]
[Site "?"]
[Date "2015.10.10"]
[Round "3"]
[White "Roy, Ali"]
[Black "Shafi, Declan"]
[Result "0-1"]
[WhiteElo "1913"]
[BlackElo "1763"]
[PlyCount "100"]

1. e4 e5 2. Nf3 Nc6 3. Bb5 a6 4. Ba4 Nf6 5. O-O Be7 6. Re1 b5 7. Bb3 d6 8. c3
O-O 9. d4 Bg4 10. d5 Na5 11. Bc2 c6 12. dxc6 Qc7 13. Nbd2 Qxc6 14. Nf1 Rac8 15.
Ne3 Nc4 16. a4 Nxe3 17. Rxe3 b4 18. Qe1 Nh5 19. a5 Nf4 20. Bd2 f5 21. Rc1 Qd7
22. c4 Qe6 23. exf5 Bxf5 24. Nd4 Qg6 25. Rg3 Qh5 26. Bxf4 Bxc2 27. Ne6 Rf7 28.
Nxg7 Rxg7 29. Rxg7+ Kxg7 30. Rxc2 Qf5 31. Bxe5+ dxe5 32. Re2 Kf6 33. b3 Bc5 34.
g3 Rd8 35. Qc1 Rd3 36. Qh6+ Qg6 37. Qh4+ Ke6 38. Qf4 Qf6 39. Qg4+ Ke7 40. Qe4
Rd7 41. Qxe5+ Qxe5 42. Rxe5+ Kd6 43. Rd5+ Kc6 44. Rxd7 Kxd7 45. Kg2 Bd6 46. Kf3
Bc7 47. Ke4 Bxa5 48. f4 Kd6 49. f5 Bd8 50. g4 a5 0-1

[Event "Dundee & Angus Open"]
[Site "?"]
[Date "2015.10.10"]
[Round "3"]
[White "Durno, Joy (WFM)"]
[Black "Chambers, Daniel"]
[Result "1-0"]
[WhiteElo "1819"]
[BlackElo "1637"]
[PlyCount "74"]

1. d4 Nf6 2. c4 g6 3. g3 Bg7 4. Bg2 d6 5. Nf3 O-O 6. O-O Nbd7 7. Nc3 c6 8. e4
e5 9. h3 a6 10. a4 Rb8 11. Re1 Re8 12. d5 c5 13. Bd2 Rf8 14. Nh2 Ne8 15. f4 f5
16. Nf3 exf4 17. exf5 Rxf5 18. Bxf4 Ndf6 19. Nh4 Rxf4 20. gxf4 Nh5 21. Qd2 Bh6
22. Qe2 Bxh3 23. Qxe8+ Qxe8 24. Rxe8+ Rxe8 25. Bxh3 Nxf4 26. Bg4 Bg7 27. Ng2
Bd4+ 28. Kh2 Nd3 29. Be6+ Kg7 30. Rb1 Ne5 31. Ne2 Nxc4 32. Nxd4 cxd4 33. b3 Ne5
34. Rc1 Kf6 35. Kg3 g5 36. Rd1 Kg6 37. Rxd4 Rf8 1-0

[Event "Dundee & Angus Open"]
[Site "?"]
[Date "2015.10.10"]
[Round "3"]
[White "Hall, David"]
[Black "Thomson, Neil"]
[Result "0-1"]
[WhiteElo "1766"]
[BlackElo "1976"]
[PlyCount "66"]

1. d4 g6 2. c4 Nf6 3. g3 Bg7 4. Bg2 O-O 5. Nc3 d6 6. e4 Nbd7 7. Nf3 e5 8. O-O
c6 9. h3 Qb6 10. dxe5 dxe5 11. Qc2 Qb4 12. b3 Nc5 13. Bd2 Qa3 14. Rfe1 Nfd7 15.
Rad1 Ne6 16. Be3 f5 17. exf5 gxf5 18. Nh4 e4 19. f3 f4 20. gxf4 Qe7 21. Bf2
Nxf4 22. Nxe4 Ne5 23. Kh2 Be6 24. Nc5 Bc8 25. Qe4 Kh8 26. Nd3 Nfxd3 27. Rxd3
Qg5 28. Rd6 Bd7 29. Be3 Qe7 30. Red1 Rae8 31. f4 Qxh4 32. fxe5 Bxe5+ 33. Kh1
Qxe4 0-1

[Event "Dundee & Angus Open"]
[Site "?"]
[Date "2015.10.10"]
[Round "3"]
[White "Robinson, Stephen"]
[Black "McGowan, Daniel"]
[Result "1/2-1/2"]
[WhiteElo "1753"]
[BlackElo "2113"]
[PlyCount "37"]

1. d4 e6 2. Nf3 Nf6 3. Bg5 Be7 4. Nbd2 b6 5. e4 Bb7 6. Bd3 d5 7. Qe2 dxe4 8.
Nxe4 Nbd7 9. Rd1 Nxe4 10. Bxe7 Qxe7 11. Bxe4 Bxe4 12. Qxe4 O-O 13. O-O Nf6 14.
Qh4 Rad8 15. Rfe1 c5 16. c3 cxd4 17. Nxd4 Qc5 18. Rd3 Qh5 19. Qxh5 1/2-1/2

[Event "Dundee & Angus Open"]
[Site "?"]
[Date "2015.10.10"]
[Round "3"]
[White "Doyle, Jim"]
[Black "Marks, Ian"]
[Result "0-1"]
[WhiteElo "1891"]
[BlackElo "1802"]
[PlyCount "68"]

1. d4 d6 2. Nf3 g6 3. e4 Nf6 4. Nc3 Bg7 5. Bg5 c5 6. dxc5 Qa5 7. Bd3 Qxc5 8.
O-O O-O 9. Qd2 Bg4 10. Be3 Qa5 11. Nd4 Nc6 12. Nb3 Qd8 13. Bh6 Bxh6 14. Qxh6
Nb4 15. h3 Nxd3 16. cxd3 Bd7 17. f4 e5 18. fxe5 dxe5 19. Qg5 Nh5 20. Qxe5 a5
21. Nd5 Re8 22. Nf6+ Nxf6 23. Qxf6 Qxf6 24. Rxf6 Bb5 25. Nc5 Rad8 26. Nxb7 Rxd3
27. Nd6 Rb8 28. Nxf7 Rd2 29. Rc1 Bd3 30. Rc7 Kg7 31. e5 Rbxb2 32. Ng5+ Kh6 33.
Nf3 Rxg2+ 34. Kh1 Rgf2 0-1

[Event "Dundee & Angus Open"]
[Site "?"]
[Date "2015.10.10"]
[Round "3"]
[White "Kosznik, Dariusz"]
[Black "Sykes, Chris"]
[Result "1/2-1/2"]
[WhiteElo "1690"]
[BlackElo "1878"]
[PlyCount "37"]

1. e4 c6 2. d4 d5 3. Nc3 dxe4 4. Nxe4 Nd7 5. Bd3 Ngf6 6. Ng3 e6 7. Nf3 c5 8.
O-O Bd6 9. Ne2 Qc7 10. c3 b6 11. dxc5 Nxc5 12. Bb5+ Bd7 13. Ned4 O-O-O 14. Qe2
Bf4 15. Bxf4 Qxf4 16. Ne5 Bxb5 17. Nxb5 Nfe4 18. Nc4 Kb7 19. Rad1 1/2-1/2

[Event "Dundee & Angus Open"]
[Site "?"]
[Date "2015.10.10"]
[Round "3"]
[White "Neave, George"]
[Black "Ridge, Mike"]
[Result "1/2-1/2"]
[WhiteElo "2130"]
[BlackElo "1916"]
[PlyCount "73"]

1. e4 c5 2. Nf3 g6 3. d4 cxd4 4. Nxd4 Nc6 5. c4 Nf6 6. Nc3 d6 7. f3 Nxd4 8.
Qxd4 Bg7 9. Be3 O-O 10. Qd2 Be6 11. Rc1 Qa5 12. Bd3 Rfc8 13. b3 a6 14. Ne2
Qxd2+ 15. Kxd2 Nd7 16. Nf4 Bh6 17. h4 Nc5 18. Be2 f5 19. h5 Bxf4 20. Bxf4 fxe4
21. hxg6 hxg6 22. Be3 Bd7 23. b4 Nd3 24. Bxd3 exd3 25. Kxd3 a5 26. b5 Kg7 27.
g4 Rh8 28. a4 Raf8 29. Ke4 Rxh1 30. Rxh1 Rc8 31. Rc1 Be6 32. c5 dxc5 33. Bxc5
Kf7 34. Rc3 b6 35. Bd4 Rxc3 36. Bxc3 Bb3 37. Bd4 1/2-1/2

[Event "Dundee & Angus Open"]
[Site "?"]
[Date "2015.10.10"]
[Round "3"]
[White "James, Chris"]
[Black "Coffey, Patrick"]
[Result "1-0"]
[WhiteElo "1777"]
[BlackElo "2198"]
[PlyCount "101"]

1. b4 e5 2. Bb2 Bxb4 3. Bxe5 Nf6 4. c4 O-O 5. e3 Re8 6. Nf3 d5 7. Bb2 Nc6 8.
cxd5 Nxd5 9. Be2 Qe7 10. O-O Bd6 11. Nc3 Nxc3 12. Bxc3 Qe4 13. d4 Qg6 14. Bd3
f5 15. Rb1 Kh8 16. Re1 Be6 17. Qc2 Rf8 18. e4 fxe4 19. Bxe4 Qh5 20. Bxc6 bxc6
21. Rxe6 Rxf3 22. Rxd6 Rxc3 23. Qxc3 Qf5 24. Re1 cxd6 25. Qxc6 Rf8 26. f3 Qf4
27. Qe4 Qf6 28. h3 h6 29. d5 Qg5 30. Qe7 Qxe7 31. Rxe7 Rf5 32. Rxa7 Rxd5 33.
Kf2 Rd2+ 34. Kg3 Kh7 35. a4 Kg6 36. Rd7 Kh7 37. a5 Ra2 38. Ra7 Kg6 39. a6 Kf6
40. h4 g6 41. Ra8 g5 42. a7 gxh4+ 43. Kxh4 Kg7 44. g4 d5 45. g5 Ra4+ 46. Kh5
hxg5 47. Kxg5 Ra5 48. Kf4 Kh7 49. Kg4 Kg7 50. f4 Kh7 51. f5 1-0

[Event "Dundee & Angus Open"]
[Site "?"]
[Date "2015.10.10"]
[Round "3"]
[White "Birkett, Richard"]
[Black "Romilly, Peter"]
[Result "0-1"]
[WhiteElo "2056"]
[BlackElo "2057"]
[PlyCount "93"]

1. e4 e5 2. Nf3 Nc6 3. Bc4 Nf6 4. d3 Be7 5. Nc3 d6 6. a3 h6 7. Be3 Be6 8. Bxe6
fxe6 9. d4 exd4 10. Nxd4 Qd7 11. Qe2 Nxd4 12. Bxd4 e5 13. Be3 O-O 14. Qc4+ Kh8
15. Nd5 Nxd5 16. exd5 b5 17. Qe4 Qf5 18. Qxf5 Rxf5 19. g4 Rf3 20. a4 b4 21. a5
a6 22. Ra4 Rb8 23. Ke2 Rf7 24. c3 bxc3 25. bxc3 Rb2+ 26. Kd3 Bh4 27. f4 exf4
28. Rxf4 Rxf4 29. Bxf4 Rb5 30. c4 Rxa5 31. Rb1 Ra3+ 32. Ke4 Rc3 33. Kf5 Kh7 34.
Ra1 Rxc4 35. Bg3 Bxg3 36. hxg3 Rc5 37. Ke6 a5 38. g5 Kg6 39. gxh6 gxh6 40. Ra4
h5 41. Rf4 Kg5 42. Rf8 Kg4 43. Rg8+ Kf3 44. Rg5 a4 45. Rxh5 a3 46. Kd7 Kxg3 47.
Rh8 0-1

[Event "Dundee & Angus Open"]
[Site "?"]
[Date "2015.10.10"]
[Round "3"]
[White "Kefalas, Loukas"]
[Black "Dawson, Alastair"]
[Result "1/2-1/2"]
[WhiteElo "1844"]
[BlackElo "1861"]
[PlyCount "87"]

1. d4 d6 2. Nf3 g6 3. c4 Nf6 4. Bg5 Bg7 5. e3 O-O 6. Nc3 c6 7. h3 Qc7 8. Be2
Bf5 9. Nd2 e5 10. d5 a5 11. O-O Na6 12. a3 h6 13. Bxf6 Bxf6 14. Re1 Bg7 15. Bg4
Bd7 16. Bxd7 Qxd7 17. e4 f5 18. Rb1 Nc5 19. b4 axb4 20. axb4 Nd3 21. Rf1 c5 22.
bxc5 Nxc5 23. Rb6 Ra6 24. Qb1 Rfa8 25. Rb4 f4 26. Qc2 Bf6 27. Rfb1 Bd8 28. Nb3
b6 29. Nxc5 dxc5 30. R4b3 f3 31. Qd3 fxg2 32. Qg3 Qg7 33. d6 Qf6 34. Nd5 Qxd6
35. Kxg2 R8a7 36. Rd3 Qe6 37. Nb4 cxb4 38. Rxd8+ Kg7 39. Rbd1 Ra3 40. Qg4 Qxg4+
41. hxg4 Rc3 42. R1d5 Rxc4 43. Rb8 Rxe4 44. Rxb6 1/2-1/2

[Event "Dundee & Angus Open"]
[Site "?"]
[Date "2015.10.11"]
[Round "4"]
[White "Ridge, Mike"]
[Black "Robinson, Stephen"]
[Result "1/2-1/2"]
[WhiteElo "1916"]
[BlackElo "1753"]
[PlyCount "82"]

1. Nf3 e6 2. d3 d5 3. g3 h6 4. b3 c5 5. Nbd2 Nc6 6. Bg2 Qf6 7. Rb1 Bd6 8. e4
Nge7 9. O-O b6 10. Re1 Bb7 11. Qe2 Qg6 12. Bb2 O-O-O 13. exd5 Nxd5 14. Nh4 Qg5
15. Ne4 Qe7 16. Nxd6+ Qxd6 17. Bxg7 Rhg8 18. Bb2 Nd4 19. Bxd4 cxd4 20. Qh5 Qf8
21. Re5 Kb8 22. Rbe1 Qg7 23. R5e4 f5 24. Rxe6 Nf4 25. Qxf5 Nxe6 26. Bxb7 Kxb7
27. Rxe6 Qc7 28. Qe4+ Kb8 29. Nf5 Qxc2 30. Re7 Qc8 31. Qe5+ Ka8 32. Nxd4 Rge8
33. Qe4+ Kb8 34. Nf5 Rxe7 35. Nxe7 Qc1+ 36. Kg2 Rd7 37. Nc6+ Kc7 38. Nxa7 Qc5
39. a4 Qd5 40. Nb5+ Kb8 41. f3 Qxd3 1/2-1/2

[Event "Dundee & Angus Open"]
[Site "?"]
[Date "2015.10.11"]
[Round "4"]
[White "Dawson, Alastair"]
[Black "Thomson, Neil"]
[Result "0-1"]
[WhiteElo "1861"]
[BlackElo "1976"]
[PlyCount "70"]

1. Nf3 g6 2. g3 Bg7 3. Bg2 Nf6 4. O-O O-O 5. c4 d6 6. d4 Nbd7 7. Qc2 c6 8. Rd1
Qb6 9. e4 e5 10. d5 cxd5 11. cxd5 Nc5 12. Nc3 Bd7 13. Nd2 Qc7 14. Nb3 Na4 15.
Qd3 Rac8 16. Nxa4 Bxa4 17. Bd2 Qc4 18. Qxc4 Rxc4 19. Na5 Rc2 20. b3 Bb5 21. Bb4
Ng4 22. h3 Nxf2 23. Rd2 Rxd2 24. Bxd2 b6 25. Kxf2 bxa5 26. Rc1 a4 27. bxa4 Bxa4
28. Bb4 Rb8 29. Bxd6 Rb2+ 30. Kg1 h5 31. Rc7 Bh6 32. Bxe5 Rb8 33. Rxa7 Be3+ 34.
Kh2 Bxa7 35. Bxb8 Bxb8 0-1

[Event "Dundee & Angus Open"]
[Site "?"]
[Date "2015.10.11"]
[Round "4"]
[White "Kosznik, Dariusz"]
[Black "Roy, Ali"]
[Result "1-0"]
[WhiteElo "1690"]
[BlackElo "1913"]
[PlyCount "66"]

1. e4 e6 2. d4 d5 3. Nd2 dxe4 4. Nxe4 Nd7 5. Nf3 Ngf6 6. Ng3 c5 7. Bd3 Be7 8.
O-O O-O 9. Re1 b6 10. Ne5 Bb7 11. c3 cxd4 12. cxd4 Rc8 13. a3 Nd5 14. f4 N7f6
15. f5 Nf4 16. Bf1 N4d5 17. Kh1 Qc7 18. Bd3 Bd6 19. fxe6 fxe6 20. Bd2 Ne7 21.
Nh5 Nf5 22. Bc3 Nd5 23. Bd2 Nxd4 24. Rc1 Qe7 25. Rxc8 Rxc8 26. Qg4 Bc5 27. b4
Nb3 28. Bg5 Qe8 29. bxc5 Nxc5 30. Bb1 g6 31. Nf6+ Nxf6 32. Bxf6 Bd5 33. Qh4 Nd7
1-0

[Event "Dundee & Angus Open"]
[Site "?"]
[Date "2015.10.11"]
[Round "4"]
[White "Mitchell, Jeremy"]
[Black "Jennings, Richard"]
[Result "0-1"]
[WhiteElo "1794"]
[BlackElo "1878"]
[PlyCount "69"]

1. e4 e6 2. d4 d5 3. Nd2 Be7 4. Bd3 c5 5. c3 Nf6 6. Ngf3 Nc6 7. O-O O-O 8. Re1
dxe4 9. Nxe4 cxd4 10. cxd4 Nxd4 11. Be3 Nxf3+ 12. gxf3 b6 13. Qc2 Nd5 14. Rad1
Bb7 15. Nc3 f5 16. Nxd5 Bxd5 17. Be4 Bxe4 18. fxe4 Qe8 19. exf5 exf5 20. Qc4+
Qf7 21. Qa4 Qh5 22. Rd7 f4 23. Bxf4 Qg4+ 24. Kf1 Bc5 25. Re4 Kh8 26. Bg3 Qf5
27. Re2 Rad8 28. Rxd8 Rxd8 29. Re8+ Rxe8 30. Qxe8+ Qf8 31. Qxf8+ Bxf8 32. b3
Kg8 33. Ke2 Kf7 34. Ke3 Ke6 35. Ke4 {time.} 0-1

[Event "Dundee & Angus Open"]
[Site "?"]
[Date "2015.10.11"]
[Round "4"]
[White "Chambers, Daniel"]
[Black "Newton, Andrew"]
[Result "0-1"]
[WhiteElo "1637"]
[BlackElo "1862"]
[PlyCount "84"]

1. e4 c5 2. Nf3 d6 3. d4 cxd4 4. Nxd4 Nf6 5. Nc3 a6 6. Be3 e6 7. f3 b5 8. Qd2
b4 9. Nd1 e5 10. Nb3 a5 11. Be2 Be7 12. O-O d5 13. exd5 Qxd5 14. c4 Qc6 15. Nf2
Bb7 16. Nd3 Nbd7 17. Qc2 e4 18. Nf2 Bd6 19. Rfd1 Qc7 20. Rxd6 Qxd6 21. fxe4 Qe7
22. Bf3 Ne5 23. Be2 Qc7 24. Nd4 O-O 25. Nb5 Qe7 26. Rd1 Rfd8 27. Re1 Rdc8 28.
b3 Bc6 29. Nd4 Bd7 30. Nf5 Bxf5 31. exf5 Qb7 32. Bd4 Qc7 33. Nh3 Rd8 34. Bf2
Neg4 35. Bg3 Qc5+ 36. Kh1 Ne3 37. Qc1 Nxf5 38. Bf2 Qd6 39. Bf3 Rac8 40. Qg5 Qd3
41. Nf4 Qc2 42. Bb6 h6 0-1

[Event "Dundee & Angus Open"]
[Site "?"]
[Date "2015.10.11"]
[Round "4"]
[White "Gray, Euan"]
[Black "Birkett, Richard"]
[Result "0-1"]
[WhiteElo "1656"]
[BlackElo "2056"]
[PlyCount "90"]

1. d4 e6 2. c4 Nf6 3. Nc3 Bb4 4. e3 b6 5. Bd3 Bb7 6. Nf3 O-O 7. O-O Re8 8. a3
Bxc3 9. bxc3 d5 10. cxd5 Qxd5 11. c4 Qh5 12. Ne5 Qxd1 13. Rxd1 Nbd7 14. Nxd7
Nxd7 15. Bb2 Rad8 16. c5 bxc5 17. Rac1 Bc6 18. Rd2 Rb8 19. dxc5 Nf6 20. Bxf6
gxf6 21. Bc4 Red8 22. Re2 Kf8 23. f3 Rb7 24. Kf2 Rdb8 25. Rcc2 Rb1 26. Rc3 R8b2
27. Rcc2 Rxc2 28. Rxc2 Ba4 29. Rc3 Rb2+ 30. Kg3 Ke7 31. h4 Kd7 32. Bd3 f5 33.
Kh3 Kc6 34. g4 Rb3 35. Rxb3 Bxb3 36. gxf5 exf5 37. Kg3 Be6 38. e4 Kxc5 39. exf5
Bc4 40. Bc2 f6 41. Kg4 Bf7 42. Kf4 Kd4 43. Ba4 c5 44. Bd7 c4 45. Be6 c3 0-1

[Event "Dundee & Angus Open"]
[Site "?"]
[Date "2015.10.11"]
[Round "4"]
[White "Marks, Ian"]
[Black "Kefalas, Loukas"]
[Result "1/2-1/2"]
[WhiteElo "1802"]
[BlackElo "1844"]
[PlyCount "100"]

1. e4 e5 2. Nf3 Nc6 3. Bb5 a6 4. Bxc6 dxc6 5. O-O Bd6 6. d4 exd4 7. Qxd4 f6 8.
Be3 Ne7 9. Nbd2 O-O 10. Rad1 Ng6 11. Nc4 Be7 12. Qxd8 Bxd8 13. Rd2 b6 14. Rfd1
Be6 15. Na3 Be7 16. Nd4 Bxa2 17. Nxc6 Bxa3 18. bxa3 Bc4 19. Rd7 Rfc8 20. Ne7+
Nxe7 21. Rxe7 Rd8 22. Red7 Rxd7 23. Rxd7 Rc8 24. Bf4 c5 25. f3 Rc6 26. Kf2 Be6
27. Rc7 Rxc7 28. Bxc7 b5 29. Bd6 Kf7 30. Bxc5 Bc4 31. Ke3 Ke6 32. Kd4 Bf1 33.
g3 Be2 34. f4 g6 35. Bb4 Bf3 36. Ba5 Bd1 37. c3 Bc2 38. g4 Bb1 39. f5+ Ke7 40.
h4 Bc2 41. fxg6 hxg6 42. Ke3 Ke6 43. Kf4 Bd1 44. Bb6 Be2 45. Bd4 a5 46. e5
fxe5+ 47. Bxe5 a4 48. Bg7 Kf7 49. Bd4 Kg8 50. Kg5 Kh7 1/2-1/2

[Event "Dundee & Angus Open"]
[Site "?"]
[Date "2015.10.11"]
[Round "4"]
[White "Romilly, Peter"]
[Black "Findlay, David"]
[Result "1/2-1/2"]
[WhiteElo "2057"]
[BlackElo "2185"]
[PlyCount "55"]

1. e4 e5 2. Nc3 Nc6 3. Nf3 g6 4. Bc4 Bg7 5. d3 Nf6 6. a3 d6 7. h3 Be6 8. Bxe6
fxe6 9. Be3 Nh5 10. Qd2 O-O 11. O-O-O Nd4 12. Bxd4 exd4 13. Ne2 c5 14. Kb1 b5
15. Rdf1 e5 16. Ng5 Qf6 17. h4 a5 18. g4 Nf4 19. Nxf4 exf4 20. Nf3 Rfb8 21. Qe2
b4 22. a4 b3 23. Rc1 Qe6 24. Nd2 bxc2+ 25. Rxc2 Rb4 26. Qf3 Rab8 27. h5 g5 28.
h6 1/2-1/2

[Event "Dundee & Angus Open"]
[Site "?"]
[Date "2015.10.11"]
[Round "4"]
[White "Borwell, Alan"]
[Black "Durno, Joy (WFM)"]
[Result "1-0"]
[WhiteElo "1989"]
[BlackElo "1819"]
[PlyCount "57"]

1. e4 c5 2. Nf3 e6 3. d4 cxd4 4. Nxd4 Nf6 5. Nc3 d6 6. Be3 a6 7. Be2 Be7 8. O-O
O-O 9. f4 Nc6 10. Bf3 Bd7 11. Qe1 Nxd4 12. Bxd4 Bc6 13. Rd1 Qc7 14. Qg3 g6 15.
f5 e5 16. Be3 b5 17. Bh6 Rfc8 18. fxg6 hxg6 19. Rf2 b4 20. Nd5 Nxd5 21. exd5
Be8 22. Bg4 Rcb8 23. h4 Qd8 24. Rxf7 Bxf7 25. Be6 g5 26. Qd3 Kh8 27. Bxf7 Bf6
28. Qg6 Ra7 29. Rf1 1-0

[Event "Dundee & Angus Open"]
[Site "?"]
[Date "2015.10.11"]
[Round "4"]
[White "James, Chris"]
[Black "Neave, George"]
[Result "0-1"]
[WhiteElo "1777"]
[BlackElo "2130"]
[PlyCount "52"]

1. e4 e5 2. Nc3 Nf6 3. f4 d5 4. fxe5 Nxe4 5. Qf3 f5 6. d3 Nxc3 7. bxc3 d4 8.
Qf4 Nc6 9. Nf3 dxc3 10. d4 Nb4 11. Bd3 Nd5 12. Qg3 Be6 13. Rb1 Qd7 14. O-O
O-O-O 15. Ng5 g6 16. Bc4 h6 17. Nxe6 Qxe6 18. Qxc3 Nxc3 19. Bxe6+ Kb8 20. Be3
f4 21. Rb3 fxe3 22. Rxc3 e2 23. Rb1 Rxd4 24. Re1 Bb4 25. Rxe2 Bxc3 26. Bf7 Rf4
0-1

[Event "Dundee & Angus Open"]
[Site "?"]
[Date "2015.10.11"]
[Round "4"]
[White "Shafi, Declan"]
[Black "Abdulla, Murad"]
[Result "0-1"]
[WhiteElo "1763"]
[BlackElo "2029"]
[PlyCount "64"]

1. d4 Nf6 2. Nf3 c5 3. d5 d6 4. Nc3 g6 5. h3 Na6 6. e4 Nc7 7. Bf4 Bg7 8. Be2
O-O 9. O-O b5 10. Nd2 b4 11. Nb5 Nxb5 12. Bxb5 Nh5 13. Bh2 Bxb2 14. Rb1 Bg7 15.
a4 bxa3 16. Bc6 a2 17. Bxa8 axb1=Q 18. Qxb1 Ba6 19. c4 Qxa8 20. Qa2 Bc8 21. Rb1
Bc3 22. Nf3 f6 23. Rb3 Bb4 24. Qa1 a5 25. g4 Ng7 26. Bf4 Qa6 27. Qc1 a4 28. Rb1
Bd7 29. Bh6 a3 30. g5 Qa4 31. h4 a2 32. Ra1 Qb3 0-1

[Event "Dundee & Angus Open"]
[Site "?"]
[Date "2015.10.11"]
[Round "4"]
[White "McGowan, Daniel"]
[Black "Mooney, Graham"]
[Result "1/2-1/2"]
[WhiteElo "2113"]
[BlackElo "1846"]
[PlyCount "50"]

1. e4 c5 2. Nf3 g6 3. c3 Bg7 4. d4 cxd4 5. cxd4 d6 6. Nc3 Nf6 7. h3 O-O 8. Bd3
Nc6 9. O-O e5 10. Be3 exd4 11. Nxd4 d5 12. Nxc6 bxc6 13. exd5 Nxd5 14. Nxd5
Qxd5 15. Qc2 Bb7 16. Rfe1 c5 17. f3 Rac8 18. Rad1 Qxa2 19. Ra1 Qxb2 20. Rxa7
Qxc2 21. Bxc2 Bd5 22. Rd1 Be6 23. Ra5 Bd4 24. Bxd4 cxd4 25. Be4 Rcd8 1/2-1/2

[Event "Dundee & Angus Open"]
[Site "?"]
[Date "2015.10.11"]
[Round "4"]
[White "Floros, Antonios"]
[Black "Campbell, Duncan"]
[Result "0-1"]
[WhiteElo "1930"]
[BlackElo "1847"]
[PlyCount "48"]

1. e4 e6 2. d4 d5 3. Nd2 Nf6 4. e5 Nfd7 5. Bd3 c5 6. c3 Nc6 7. Ne2 Qb6 8. Nf3
cxd4 9. cxd4 f6 10. exf6 Nxf6 11. O-O Bd6 12. b3 Bd7 13. Bf4 Qc7 14. Bxd6 Qxd6
15. Ng3 O-O 16. Re1 Be8 17. Rc1 Nh5 18. Bxh7+ Kxh7 19. Nxh5 Bxh5 20. Ng5+ Kg6
21. Rxe6+ Qxe6 22. Nxe6 Bxd1 23. Nxf8+ Rxf8 24. Rxd1 Rf4 0-1

[Event "Dundee & Angus Open"]
[Site "?"]
[Date "2015.10.11"]
[Round "4"]
[White "Hall, David"]
[Black "Doyle, Jim"]
[Result "1-0"]
[WhiteElo "1766"]
[BlackElo "1891"]
[PlyCount "108"]

1. d4 Nf6 2. Nf3 d5 3. c4 c6 4. Qc2 dxc4 5. Qxc4 Nbd7 6. g3 Nb6 7. Qc2 Bg4 8.
Nbd2 e6 9. Bg2 Be7 10. O-O O-O 11. e3 Bh5 12. Ne5 Be2 13. Re1 Ba6 14. Nb3 Nbd7
15. Nd3 Bxd3 16. Qxd3 a5 17. e4 a4 18. Nd2 e5 19. Nf3 exd4 20. Nxd4 Bb4 21. Rd1
Ne5 22. Qe2 Qa5 23. Be3 Qa6 24. Qxa6 Rxa6 25. Rac1 Raa8 26. Nf5 Rfd8 27. f3 a3
28. bxa3 Bxa3 29. Rb1 b5 30. Bb6 Rxd1+ 31. Rxd1 Nc4 32. Rd8+ Rxd8 33. Bxd8 Kf8
34. Nh4 Nd7 35. Bf1 Bc5+ 36. Kh1 Ne3 37. Be2 Ke8 38. Bc7 Nc2 39. Bd1 Nd4 40.
Kg2 g5 41. Nf5 Nxf5 42. exf5 Ke7 43. Bb3 f6 44. Be6 Nf8 45. Bb3 Kd7 46. Ba5 Be7
47. Bd2 c5 48. Kf2 c4 49. Bc2 Kd6 50. f4 h5 51. Kf3 b4 52. fxg5 fxg5 53. h4
gxh4 54. gxh4 Kd5 {illegible.} 1-0

[Event "Dundee & Angus Open"]
[Site "?"]
[Date "2015.10.11"]
[Round "5"]
[White "Newton, Andrew"]
[Black "Shafi, Declan"]
[Result "1-0"]
[WhiteElo "1862"]
[BlackElo "1763"]
[PlyCount "33"]

1. d4 Nf6 2. c4 g6 3. Nc3 d5 4. Bg5 Ne4 5. Bh4 Nxc3 6. bxc3 Bg7 7. e3 dxc4 8.
Bxc4 O-O 9. Nf3 c5 10. O-O Nc6 11. Qe2 Re8 12. Bxf7+ Kxf7 13. Qc4+ Kf8 14. Ng5
e6 15. Nxh7+ Kg8 16. Bxd8 Kxh7 17. Bh4 1-0

[Event "Dundee & Angus Open"]
[Site "?"]
[Date "2015.10.11"]
[Round "5"]
[White "Thomson, Neil"]
[Black "Kosznik, Dariusz"]
[Result "1-0"]
[WhiteElo "1976"]
[BlackElo "1690"]
[PlyCount "62"]

1. e4 c5 2. Nf3 Nc6 3. d4 cxd4 4. Nxd4 g6 5. c4 Bg7 6. Nc2 Nf6 7. Nc3 d6 8. Be2
O-O 9. O-O b6 10. Bg5 Bb7 11. Qd2 Rc8 12. b3 a5 13. f3 Re8 14. Rad1 Nd7 15. Nb5
Nc5 16. Qe3 f6 17. Bh4 h5 18. f4 Ba6 19. Nca3 Qd7 20. Nc3 Rb8 21. f5 g5 22.
Bxg5 fxg5 23. Qxg5 Rf8 24. Rf3 Rf7 25. Rg3 Ne5 26. Bxh5 Rbf8 27. Bxf7+ Rxf7 28.
h4 Qe8 29. h5 Kh7 30. Qh4 Bf6 31. Qf4 Rg7 1-0

[Event "Dundee & Angus Open"]
[Site "?"]
[Date "2015.10.11"]
[Round "5"]
[White "Mitchell, Jeremy"]
[Black "Chambers, Daniel"]
[Result "1-0"]
[WhiteElo "1794"]
[BlackElo "1637"]
[PlyCount "147"]

1. e4 c5 2. c3 d5 3. exd5 Qxd5 4. d4 Nf6 5. dxc5 Qxc5 6. Be3 Qc7 7. Na3 a6 8.
Qb3 Nbd7 9. Nf3 e6 10. Be2 Be7 11. O-O O-O 12. Nc2 Nc5 13. Bxc5 Bxc5 14. Qc4 b5
15. Qh4 Bb7 16. a4 Nd5 17. axb5 Nf4 18. Bd1 Rfd8 19. Ncd4 Be7 20. Qg4 e5 21.
Nc6 Rd6 22. Nfxe5 Rf6 23. Nxe7+ Qxe7 24. Nc6 Qc7 25. Bf3 Rg6 26. Ne7+ Qxe7 27.
Qxf4 Rf6 28. Qe3 Re6 29. Qf4 Rf6 30. Qb4 Qxb4 31. cxb4 Bxf3 32. gxf3 Rb6 33.
Rxa6 Raxa6 34. bxa6 Rxa6 35. Rc1 g6 36. Rc3 Kg7 37. Kf1 Rb6 38. Rb3 Kf6 39. b5
Ke6 40. Ke2 Kd5 41. Kd2 Kc4 42. Kc2 Kd4 43. Rb4+ Kc5 44. Kc3 Kd5 45. Kb3 f5 46.
Ka4 Kc5 47. Rb3 Rb8 48. Rc3+ Kb6 49. Rc6+ Kb7 50. Kb4 Rd8 51. Kc3 Rd5 52. b4
Rxb5 53. Rc5 Rb6 54. f4 Re6 55. Re5 Rc6+ 56. Kd4 Rc2 57. Re7+ Kb8 58. Rxh7 Rxf2
59. Ke5 Rb2 60. Rh6 Rxb4 61. Rxg6 Rb5+ 62. Kf6 Kc7 63. Rg5 Rb6+ 64. Kxf5 Rh6
65. Rg2 Kd7 66. Re2 Rh7 67. Kg6 Rh3 68. f5 Rf3 69. f6 Rf1 70. Kg7 Rg1+ 71. Kf8
Rf1 72. f7 Rg1 73. Rd2+ Ke6 74. Ke8 1-0

[Event "Dundee & Angus Open"]
[Site "?"]
[Date "2015.10.11"]
[Round "5"]
[White "Roy, Ali"]
[Black "Hall, David"]
[Result "1-0"]
[WhiteElo "1913"]
[BlackElo "1766"]
[PlyCount "79"]

1. e4 g6 2. d4 Bg7 3. Nf3 d6 4. Bd3 a6 5. O-O b5 6. Nbd2 Nd7 7. Re1 c5 8. c3
Bb7 9. Nf1 Rc8 10. Qe2 e5 11. Be3 Ngf6 12. Ng3 O-O 13. Nd2 Qe7 14. f4 cxd4 15.
cxd4 exd4 16. Bxd4 Nc5 17. Bb1 Ne6 18. Be3 Nd7 19. Nf3 Rfe8 20. f5 Nec5 21. Bd4
Bxd4+ 22. Nxd4 Qe5 23. Qd2 Qe7 24. b4 Na4 25. Bd3 Nab6 26. Rac1 Ne5 27. Bb1
Rxc1 28. Rxc1 Nec4 29. Qf2 Qg5 30. Rc3 Rc8 31. fxg6 hxg6 32. Nf1 Re8 33. Rf3
Ne5 34. Rg3 Qe7 35. Nf5 Qe6 36. Qxb6 Bc8 37. Qxd6 Qc4 38. Ne7+ Rxe7 39. Qxe7
Qd4+ 40. Kh1 {illegible.} 1-0